Ekonomia i miedzynarodowe stosunki gospodarcze 6

Gespeichert in:
Bibliographische Detailangaben
Weitere Verfasser: Fiedor, Boguslaw, Rymarczyk, Jan
Format: Buch
Sprache:Polnisch
Deutsch
Veröffentlicht: Wroclaw Wydawnictwo Akademii Ekonomicznej im. Oskara Langego we Wroclawiu 1999
Schriftenreihe:Prace naukowe nr. 830
Schlagworte:
Tags: Tag hinzufügen
Keine Tags, Fügen Sie das erste Tag hinzu!

MARC

LEADER 00000nam a2200000 4500
001 c122210
005 20250630093946.3
022 |a 0324-8445, 1427-2229 
041 0 |a pol 
041 0 |a ger 
044 |a PL 
245 1 0 |a Ekonomia i miedzynarodowe stosunki gospodarcze 6  |c Redaktorzy naukowi: Boguslaw Fiedor, Jan Rymarczyk 
264 1 |a Wroclaw  |b Wydawnictwo Akademii Ekonomicznej im. Oskara Langego we Wroclawiu  |c 1999 
300 |a 169 s. 
490 1 |a Prace naukowe  |v nr. 830 
830 0 |a Prace naukowe  |v nr. 830 
610 2 0 |a vzťahy hospodárske medzinárodné 
610 2 0 |a teória chaosu 
610 2 0 |a ekonómia 
610 2 0 |a paradigma 
610 2 0 |a náklady ekologické 
610 2 0 |a správa štátna 
610 2 0 |a modernizácia 
610 2 0 |a politika peňažná 
610 2 0 |a transformácia 
610 2 0 |a obchod voľný 
610 2 0 |a ochrana prostredia životného 
610 2 0 |a karty platobné 
610 2 0 |a banky 
610 2 0 |a úver 
610 2 0 |a trh kapitálový 
610 2 0 |a bane 
610 2 0 |a poľnohospodárstvo 
610 2 0 |a stavby 
610 2 0 |a kontrakty 
610 2 0 |a vzťahy obchodné 
610 2 0 |a Poľsko 
610 2 0 |a Rusko 
700 1 |a Fiedor, Boguslaw 
700 1 |a Rymarczyk, Jan